| 000 | 01088cam a2200301 a 4500 | ||
|---|---|---|---|
| 001 | 000004223 | ||
| 005 | 20200929151420.0 | ||
| 008 | 860314s1987 nyua b 000 0 eng | ||
| 020 | _z015571966X (v. 1) | ||
| 020 | _z015571967X (v. 2) | ||
| 035 | _a(DLC) 86080747 | ||
| 040 |
_aDO-SdBNP _bspa _cBNPHU _dDLC |
||
| 082 |
_a973 _bP961s, 1987 |
||
| 245 | 0 | 4 |
_aThe Private side of American history : _breadings in everyday life / _ceditores Gary B. Nash, y Cynthia J. Shelton. |
| 250 | _a4a ed. | ||
| 260 |
_aNew York : _bHarcourt Brace Jovanovich, _c1987. |
||
| 300 |
_a2 v. : _bil. ; _c24 cm. |
||
| 504 | _aIncluye bibliografía. | ||
| 505 | 0 |
_gVol. 1. _reditado por Gary B. Nash, _tTo 1877 . -- |
|
| 505 | 0 |
_gVol. 2. _reditado por Thomas R. Frazier. -- _tSince 1865. |
|
| 650 | 4 |
_aEstados unidos _xHistoria _92818 |
|
| 651 | 4 |
_aEstados Unidos _xCondiciones Sociales _912474 |
|
| 651 | 4 |
_aEstados Unidos _xVida Social Y Costumbres _912475 |
|
| 700 | 1 |
_aNash, Gary B., _eed. _912476 |
|
| 700 | 1 |
_aFrazier, Thomas R., _eed. _912477 |
|
| 910 | _aCatalogación por copia / LC | ||
| 049 | _aBNGR | ||
| 999 |
_c4037 _d4037 |
||